| 000 | 00000nam##2200000za#4500 |
| 001 | 9.639834 |
| 003 | CaOODSP |
| 005 | 20220107134005 |
| 007 | cr ||||||||||| |
| 008 | 150407|1997||||xxc|||||o f|0| 0 fre|d |
| 040 | |aCaOODSP|bfre |
| 043 | |an-cn--- |
| 086 | 1 |aH72-21/152-1997F-PDF |
| 110 | 2 |aCentre national d'information sur la violence dans la famille (Canada) |
| 245 | 10|aDébut d'un long parcours : |h[ressource électronique]|bexamen des projets subventionnés par la Division de la prévention de la violence familiale, de Santé Canada, concernant la violence dans les familles autochtones |
| 260 | |aOttawa - Ontario : |bSanté Canada. |cc1997. |
| 300 | |a29p. |
| 500 | |aLe n° de catalogue (H72-21/152-1997F) et l'ISBN (0-662-82230-7) de l'édition imprimée ont été incorrectement copiés dans l'édition électronique. |
| 590 | |a12-13-Supp|b2012-04-03 |
| 775 | 08|tBeginning a long journey : |w(CaOODSP)9.695707 |
| 776 | 0#|tDébut d'un long parcours : |w(CaOODSP)9.680183 |
| 856 | 40|ahttp://publications.gc.ca|qPDF|s182 Ko|uhttps://publications.gc.ca/collections/Collection/H72-21-152-1997F.pdf |